Statystyki dla 15 największych miast w województwie zachodniopomorskim

Kliknij tutaj aby rozwiązać quiz!

Ogólne statystyki

  • Ten quiz został rozwiązany 51 razy
  • Średni wynik to 10 z 15

Statystyki odpowiedzi

MieszkańcyMiasto% Poprawnych
395 513Szczecin
98%
104 994Koszalin
91%
45 713Kołobrzeg
89%
40 467Świnoujście
89%
67 293Stargard
82%
31 863Police
78%
20 733Gryfino
69%
39 474Szczecinek
69%
23 614Białogard
62%
16 040Gryfice
62%
21 757Goleniów
60%
24 687Wałcz
58%
15 197Świdwin
44%
14 831Choszczno
40%
16 264Nowogard
36%

Rozkład punktacji

Percentyl według liczby udzielonych odpowiedzi

Procent ludzi z każdym wynikiem

Twoja historia wyników

Nie rozwiązałeś tego quizu